00774nam a22002417a 45000010005000000030006000050050017000110080041000280200018000690400029000870500015001160820014001311000020001452450060001652600037002253000049002625050008003115200118003195210020004375210020004576500031004776500024005085490FISKH20241212112959.0241212b cb ||||| |||| 00| 0 eng d a9780439897679 aFISKHbengcFISKHdFISKH aGV1132.A44 a796.83092 aGarrett, Leslie aThe story of Muhammad Ali /cWritten by Leslie Garrett  aNew York : bScholastic ;c2002. a48 pages : bcolor illustrations ;c24 cm .  aZ  aA brief biography of the legendary boxer who was the first to win the world heavyweight championship three times.8 a980 bLexile 8 aZ bRaz-Plus  ablack historyvnon-fiction aboxingvnon-fiction